| 000 | 00843nam a22002537a 4500 | ||
|---|---|---|---|
| 001 | 5826 | ||
| 003 | FISKH | ||
| 005 | 20250123124527.0 | ||
| 008 | 250123b cb ||||| |||| 00| 0 eng d | ||
| 020 | _a9780531167366 | ||
| 040 |
_aFISKH _beng _cFISKH _dFISKH |
||
| 050 | _aQB88.O77 | ||
| 082 | _a522.2 | ||
| 100 | _aOrr, Tamra | ||
| 245 |
_aThe telescope / _cby Tamra Orr |
||
| 260 |
_aNew York : _bFranklin Watts , _c2004. |
||
| 300 |
_a80 pages : _bcolor illustrations ; _c24 cm . |
||
| 490 | _aInventions That Shaped the World | ||
| 520 | _aDescribes the invention of the telescope, the impact it has had on modern culture, and the patterns of change that resulted from its discovery and use. | ||
| 650 |
_aTelescope _vJuvenile literature |
||
| 700 |
_aSantini , Kathleen _ecover designer |
||
| 942 |
_2ddc _cBK _n0 |
||
| 999 |
_c5826 _d5826 |
||